Online
Catalog

The search for Bridey Murphy / (Record no. 17602)

MARC details
000 -CABECERA
campo de control de longitud fija 00608cam a2200205 a 4500
001 - NÚMERO DE CONTROL
campo de control 000018080
005 - FECHA Y HORA DE LA ÚLTIMA TRANSACCIÓN
campo de control 20200929165339.0
008 - DATOS DE LONGITUD FIJA--INFORMACIÓN GENERAL
campo de control de longitud fija 741108s1956 nyu 000 f eng d
040 ## - FUENTE DE LA CATALOGACIÓN
Centro catalogador/agencia de origen DO-SdBNP
Centro/agencia transcriptor OU
Centro/agencia modificador OCoLC
-- DLC
-- BNPHU
042 ## - CÓDIGO DE AUTENTICACIÓN
Código de autenticación premarc
082 ## - NÚMERO DE LA CLASIFICACIÓN DECIMAL DEWEY
Número de clasificación 154.7
Número de documento/Ítem B531s
049 ## - FONDOS LOCALES (OCLC)
Fondos de biblioteca BNGR
100 1# - ENTRADA PRINCIPAL--NOMBRE DE PERSONA
Nombre de persona Bernstein, Morey.
9 (RLIN) 39183
245 14 - MENCIÓN DE TÍTULO
Título The search for Bridey Murphy /
Mención de responsabilidad, etc. Morey Bernstein.
260 ## - PUBLICACIÓN, DISTRIBUCIÓN, ETC.
Lugar de publicación, distribución, etc. Garden City, [New York] :
Nombre del editor, distribuidor, etc. Doubleday,
Fecha de publicación, distribución, etc. 1956.
300 ## - DESCRIPCIÓN FÍSICA
Extensión 256 p. ;
Dimensiones 22 cm.
500 ## - NOTA GENERAL
Nota general Account of an experiment in hypnosis.
650 #4 - PUNTO DE ACCESO ADICIONAL DE MATERIA--TÉRMINO DE MATERIA
Término de materia o nombre geográfico como elemento de entrada Hipnotismo
9 (RLIN) 39184
910 ## - DATOS DE OPCIÓN DEL USUARIO (OCLC)
Datos de opción del usuario Catalogación derivada
Holdings
Estado de retiro Estado de pérdida Restricciones de uso No para préstamo Código de colección Localización permanente Ubicación/localización actual Ubicación en estantería Fecha de adquisición Número de inventario Total de préstamos Signatura topográfica completa Código de barras Fecha visto por última vez Número de copia Precio válido a partir de Tipo de ítem Koha
    Préstamo restringido Préstamo restrigido Monografías: Libros y Folletos General General En catalogación 13.04.2010 LF1   154.7 B531s 18080-10 25.06.2020 e. 1 25.06.2020 No se presta

Powered by Koha